[Event "Swiss Queens Wed #6"]
[Site "FIDE Online Arena INT"]
[Date "2024.03.06"]
[Round "10"]
[White "Aditi, Arun"]
[Black "Tripurambika, V."]
[Result "0-1"]
[WhiteElo "1602"]
[BlackElo "1626"]
[PlyCount "62"]
[EventDate "2024.03.06"]
[EventType "swiss (blitz)"]
[EventRounds "11"]
[EventCountry "NET"]
[SourceTitle "CB11_2024"]
[SourceDate "2024.03.13"]
[SourceVersion "1"]
[SourceVersionDate "2024.03.13"]
[SourceQuality "1"]

1. e4 c5 2. d4 cxd4 3. c3 d3 4. Bxd3 g6 5. c4 Nc6 6. Nc3 Bg7 7. Nf3 d6 8. h3 Nf6 9. 0-0 0-0 10. Be3 Be6 11. Rc1 Rc8 12. b3 Nb4 13. Bb1 Nd7 14. Nd4 Nc5 15. f4 Bd7 16. a3 Nc6 17. b4 Nxd4 18. bxc5 dxc5 19. e5 Bf5 20. Nd5 e6 21. Bxd4 cxd4 22. Bxf5 gxf5 23. Nb4 Qb6 24. Qd3 Rfd8 25. Rb1 Qc5 26. Rfc1 Bh6 27. g3 Kh8 28. Rc2 Rg8 29. Kf2 Rg6 30. Rd1 Rd8 31. Rc3 dxc3+ 0-1

[Event "Swiss Queens Wed #6"]
[Site "FIDE Online Arena INT"]
[Date "2024.03.06"]
[Round "6"]
[White "Aditi, Arun"]
[Black "Uyangalyankhua, Batzaya"]
[Result "1/2-1/2"]
[WhiteElo "1602"]
[BlackElo "1656"]
[PlyCount "147"]
[EventDate "2024.03.06"]
[EventType "swiss (blitz)"]
[EventRounds "11"]
[EventCountry "NET"]
[SourceTitle "CB11_2024"]
[SourceDate "2024.03.13"]
[SourceVersion "1"]
[SourceVersionDate "2024.03.13"]
[SourceQuality "1"]

1. e4 c6 2. d4 d5 3. exd5 cxd5 4. c4 Nf6 5. Nc3 Bg4 6. f3 Bh5 7. cxd5 Nxd5 8. Qa4+ Nc6 9. Bb5 Nb6 10. Bxc6+ bxc6 11. Qxc6+ Qd7 12. Qxd7+ Nxd7 13. Nge2 Nf6 14. Bf4 e6 15. Kf2 Bg6 16. Nb5 Nd5 17. Nc7+ Nxc7 18. Bxc7 Be7 19. Rac1 0-0 20. Rhd1 Bf6 21. Nf4 Rac8 22. Nxg6 hxg6 23. Be5 Bg5 24. f4 Bh4+ 25. g3 Be7 26. Rxc8 Rxc8 27. d5 exd5 28. Rxd5 Rc1 29. Bc3 Rc2+ 30. Kg1 Re2 31. Re5 Rxe5 32. Bxe5 f6 33. Bc3 Bc5+ 34. Kg2 Kf7 35. Kf3 Ke6 36. Ke4 Kd6 37. b4 Bb6 38. Bd4 Bc7 39. a4 a6 40. Bc5+ Kc6 41. Kd4 a5 42. b5+ Kb7 43. Kd5 Bb6 44. Bf8 Bg1 45. Bxg7 Bxh2 46. Bxf6 Bxg3 47. Bg5 Bf2 48. Ke6 Be1 49. Bd8 Bd2 50. Kf6 Kc8 51. Be7 Kd7 52. Bc5 Bc3+ 53. Kxg6 Bd2 54. Kf5 Kc7 55. Bd4 Kd6 56. Ke4 Kd7 57. Kd5 Kc7 58. Be5+ Kb7 59. f5 Bb4 60. f6 Kb6 61. f7 Bf8 62. Bd6 Bg7 63. Be7 Kb7 64. f8Q Bxf8 65. Bxf8 Kb6 66. Kd6 Kb7 67. Kc5 Ka7 68. Be7 Kb7 69. Bd8 Ka7 70. Bxa5 Kb7 71. b6 Kb8 72. Bc3 Kb7 73. a5 Ka6 74. Kc6 1/2-1/2

[Event "Swiss Queens Wed #6"]
[Site "FIDE Online Arena INT"]
[Date "2024.03.06"]
[Round "1"]
[White "Aditi, Arun"]
[Black "Vantika, Agrawal"]
[Result "0-1"]
[WhiteElo "1602"]
[BlackElo "2398"]
[PlyCount "84"]
[EventDate "2024.03.06"]
[EventType "swiss (blitz)"]
[EventRounds "11"]
[EventCountry "NET"]
[SourceTitle "CB11_2024"]
[SourceDate "2024.03.13"]
[SourceVersion "1"]
[SourceVersionDate "2024.03.13"]
[SourceQuality "1"]

1. e4 g6 2. d4 Bg7 3. f4 d6 4. Nf3 c5 5. dxc5 Qa5+ 6. c3 Qxc5 7. Qd3 Nc6 8. Be3 Qa5 9. Qd2 Nf6 10. Bd3 0-0 11. 0-0 Ng4 12. h3 Nxe3 13. Qxe3 Bd7 14. Nbd2 Qc7 15. Nb3 a6 16. Rac1 Rac8 17. Nbd4 b5 18. Rfd1 Qb6 19. Re1 Na5 20. Nd2 e5 21. fxe5 dxe5 22. N4f3 Qd6 23. Red1 Qe7 24. Nb3 Nc4 25. Bxc4 bxc4 26. Nbd2 Bb5 27. b4 Rfd8 28. Nb1 Ba4 29. Rxd8+ Rxd8 30. Qe2 Bb5 31. Rd1 Rd3 32. Rxd3 cxd3 33. Qd2 f5 34. exf5 e4 35. Ne1 e3 36. Qd1 d2 37. Nf3 e2 38. Qxd2 gxf5 39. Qe1 Qe3+ 40. Kh2 Bc6 41. Qd2 Qxd2 42. Nbxd2 Bxc3 0-1

[Event "Swiss Queens Wed #6"]
[Site "FIDE Online Arena INT"]
[Date "2024.03.06"]
[Round "9"]
[White "Aliaga Fernandez, Ingrid Yadira"]
[Black "Aditi, Arun"]
[Result "1-0"]
[WhiteElo "2147"]
[BlackElo "1602"]
[PlyCount "85"]
[EventDate "2024.03.06"]
[EventType "swiss (blitz)"]
[EventRounds "11"]
[EventCountry "NET"]
[SourceTitle "CB11_2024"]
[SourceDate "2024.03.13"]
[SourceVersion "1"]
[SourceVersionDate "2024.03.13"]
[SourceQuality "1"]

1. e4 e5 2. Nf3 Nc6 3. Bc4 Nf6 4. d3 Be7 5. 0-0 0-0 6. c3 d6 7. h3 Na5 8. Re1 Nxc4 9. dxc4 Be6 10. b3 Nd7 11. Nbd2 f5 12. exf5 Bxf5 13. Nf1 Nc5 14. Ng3 Bg6 15. Be3 Nd3 16. Re2 Nf4 17. Bxf4 Rxf4 18. Qd5+ Kh8 19. Qxb7 Bd3 20. Re3 Bg6 21. Rd1 Qc8 22. Qxc8+ Rxc8 23. Rd5 c6 24. Ra5 Rc7 25. c5 e4 26. Nd4 Rc8 27. Rxa7 Bf6 28. cxd6 Bxd4 29. cxd4 Rd8 30. d7 Rf7 31. Nxe4 Rfxd7 32. Rxd7 Rxd7 33. Nc5 Rd8 34. a4 h6 35. Kh2 Kg8 36. Re6 Bf7 37. Rxc6 Rxd4 38. Rc7 Rb4 39. a5 Bxb3 40. a6 Bd5 41. a7 Rb5 42. Ne6 Ra5 43. Nxg7 1-0

[Event "Swiss Queens Wed #5"]
[Site "FIDE Online Arena INT"]
[Date "2024.02.28"]
[Round "2"]
[White "Aditi, Arun"]
[Black "Aliaga Fernandez, Ingrid Yadira"]
[Result "0-1"]
[WhiteElo "1337"]
[BlackElo "2147"]
[PlyCount "72"]
[EventDate "2024.02.28"]
[EventType "swiss (blitz)"]
[EventRounds "11"]
[EventCountry "NET"]
[SourceTitle "CB10_2024"]
[SourceDate "2024.03.06"]
[SourceVersion "1"]
[SourceVersionDate "2024.03.06"]
[SourceQuality "1"]

1. e4 c5 2. d4 e6 3. d5 exd5 4. exd5 d6 5. c4 Nf6 6. Nc3 g6 7. Nf3 Bg7 8. Bf4 0-0 9. Be2 Re8 10. 0-0 Nh5 11. Be3 Na6 12. h3 Nc7 13. Nd2 Nf6 14. Bf3 Rb8 15. a4 b6 16. Bf4 a6 17. Rc1 b5 18. axb5 axb5 19. b3 b4 20. Nce4 Nxe4 21. Nxe4 Rb6 22. Qd2 Bf5 23. Rfe1 Qd7 24. g4 Bxe4 25. Rxe4 Rbb8 26. Qd3 Rxe4 27. Bxe4 Ne8 28. Re1 Nf6 29. Bd2 Re8 30. Bf3 Rxe1+ 31. Bxe1 Qe7 32. Bd2 Nd7 33. Qe3 Qd8 34. Be2 Ne5 35. f4 Nxg4 36. hxg4 Bd4 0-1

[Event "World Amateur-ch U1700 (Women)"]
[Site "Muscat"]
[Date "2023.11.03"]
[Round "2"]
[White "Aditi, Arun"]
[Black "Alazmi, Amani"]
[Result "1-0"]
[WhiteElo "1328"]
[BlackElo "1522"]
[PlyCount "157"]
[EventDate "2023.11.02"]
[EventType "swiss"]
[EventRounds "9"]
[EventCountry "OMN"]
[SourceTitle "CB47_2023"]
[SourceDate "2023.11.22"]
[SourceVersion "1"]
[SourceVersionDate "2023.11.22"]
[SourceQuality "1"]

1. e4 e6 2. d4 d5 3. Nd2 dxe4 4. Nxe4 Nd7 5. Nf3 Ngf6 6. Bd3 Nxe4 7. Bxe4 Nf6 8. Bg5 Be7 9. Bxf6 Bxf6 10. 0-0 0-0 11. c3 c6 12. Qc2 g6 13. Ne5 c5 14. Rad1 Qc7 15. f4 cxd4 16. cxd4 Qxc2 17. Bxc2 b6 18. Be4 Rb8 19. Rf3 Bxe5 20. dxe5 Bb7 21. Bxb7 Rxb7 22. Rc3 Rfb8 23. b4 Kf8 24. Kf2 Ke7 25. Ke3 Rd7 26. Rxd7+ Kxd7 27. b5 Ra8 28. Ra3 Ke7 29. Ra6 Kd7 30. Kf3 Kc7 31. Ra3 Kd7 32. Kg4 Ke7 33. Kg5 h5 34. Ra6 Kf8 35. Kf6 Ke8 36. a4 h4 37. a5 Rb8 38. Rxa7 bxa5 39. Rxa5 Rb6 40. h3 Rb7 41. Ra8+ Kd7 42. Rh8 Rxb5 43. Rxh4 Rb4 44. g3 Rb3 45. Rg4 Ke8 46. Kg7 Ke7 47. h4 Rf3 48. Kh6 Rf2 49. h5 gxh5 50. Kxh5 Rh2+ 51. Rh4 Rf2 52. Kg5 Ra2 53. Rh8 Ra5 54. Kg4 Ra4 55. Rb8 Ra5 56. Kh4 Ra4 57. Kg5 Ra7 58. Rb6 Rd7 59. g4 Rd4 60. Rb7+ Ke8 61. f5 exf5 62. gxf5 Rd5 63. Kf6 Ra5 64. e6 fxe6 65. fxe6 Kd8 66. e7+ Kc8 67. Rb1 Ra6+ 68. Kf7 Ra7 69. Kf8 Rd7 70. e8Q+ Kc7 71. Rb7+ Kxb7 72. Qxd7+ Ka6 73. Qc6+ Ka5 74. Qb7 Ka4 75. Ke7 Ka3 76. Kd6 Ka2 77. Kc5 Ka1 78. Kc4 Ka2 79. Kd5 1-0

[Event "Asia-ch Amateur (Women)"]
[Site "Muscat"]
[Date "2022.10.05"]
[Round "9"]
[White "Aditi, Arun"]
[Black "Anoud, Eisa Bashkardi"]
[Result "1-0"]
[WhiteElo "1160"]
[BlackElo "1277"]
[PlyCount "83"]
[EventDate "2022.09.29"]
[EventType "swiss"]
[EventRounds "9"]
[EventCountry "OMN"]
[SourceTitle "CBM 210 Extra"]
[Source "ChessBase"]
[SourceDate "2022.11.30"]
[SourceVersion "1"]
[SourceVersionDate "2022.11.30"]
[SourceQuality "1"]

1. d4 Nf6 2. Bf4 c5 3. e3 Nd5 4. Bg3 Qb6 5. b3 cxd4 6. exd4 g6 7. c4 Nf6 8. Nc3 Bg7 9. Bf4 d6 10. Nf3 Bg4 11. Be2 Nc6 12. d5 Bxf3 13. Bxf3 Nd4 14. 0-0 Nxf3+ 15. Qxf3 0-0 16. Rac1 a6 17. Rfe1 Rfe8 18. Re2 Nd7 19. Na4 Qa5 20. Bd2 Qc7 21. Qe3 Rac8 22. Bc3 b5 23. Bxg7 Kxg7 24. Nb2 bxc4 25. Rec2 Qa5 26. Qd4+ Nf6 27. Nxc4 Qxd5 28. Qxd5 Nxd5 29. Nxd6 Rxc2 30. Nxe8+ Kf8 31. Rxc2 Kxe8 32. Rc6 Nb4 33. Rb6 Nxa2 34. Rxa6 Nb4 35. Ra4 Nc6 36. b4 Kd7 37. b5 Nd8 38. Ra7+ Kd6 39. f3 Kc5 40. Rxe7 Kxb5 41. Rd7 Ne6 42. Rxf7 1-0